Expressions de la langue française ayant trait à la nationaité ou nom d'un pays - Statistiques

Statistiques générales
  • Ce quiz a été pris 488 fois
  • Le résultat moyen est 8 sur 18
Statistiques - réponses
Expression Pays ou nationalité % Correct
le téléphone ... arabe
87%
bâtir des châteaux en ... Espagne
79%
parler français comme une vache ... espagnole
78%
avoir ses règles : les ... ont débarqué anglais
72%
fort comme un ... ou tête de ... turc
69%
c'est incompréhensible (2) chinois
63%
perdre son ... latin
60%
saoul comme un ... polonais
53%
ce n'est pas un gain important ,ce n'est pas le ... Pérou
49%
une réponse de ... normand
37%
sans sujet sérieux, pour des raisons futiles : une querelle d'... allemand
32%
travail gratuit : travailler pour le roi de ... Prusse
30%
vaincre le signe ... indien
26%
manger, boire seul, sans partager, en egoïste : en ... Suisse
26%
avoir les ... ensablées portugaises
23%
c'est incompréhensible (1) hébreu
12%
bon comme la ... romaine
12%
c'est incompréhensible (3) iroquois
0%
Aucun quiz correspondant
Distribution des résultats
% des personnes avec chaque résultat
Percentile par nombre de réponses
Votre historique - résultats
Vous n’avez pas pris ce quiz